| 000 | 00977nam a2200277 a 4500 | ||
|---|---|---|---|
| 001 | 3277771 | ||
| 003 | NUST-PNEC | ||
| 005 | 20170116180704.0 | ||
| 008 | 830302s1983 nyua b 001 0 eng | ||
| 010 | _a 82007146 | ||
| 020 | _a8251919223 | ||
| 040 |
_aDLC _cPNEC |
||
| 050 | 0 | 0 |
_aTN665 _b.R698 1983 |
| 082 | 0 | 0 |
_a669 ROS _219 |
| 100 | 1 | _aRosenqvist, Terkel. | |
| 245 | 1 | 0 |
_aPrinciples of extractive metallurgy / _cTerkel Rosenqvist. |
| 250 | _a2nd ed. | ||
| 260 |
_aTrondheim _bTapir Academic Press _cc2004 |
||
| 300 |
_axxi, 506 p. : _bill. ; _c23 cm. |
||
| 440 | 0 | _aMcGraw-Hill series in materials science and engineering | |
| 500 | _aIncludes Index http://www.amazon.com/Principles-Extractive-Metallurgy-Terkel-Rosenqvist/dp/8251919223/ref=sr_1_1?s=books&ie=UTF8&qid=1410943432&sr=1-1&keywords=8251919223 | ||
| 504 | _aIncludes bibliographies and index. | ||
| 650 | 0 |
_aMetallurgy. _xME |
|
| 906 |
_a7 _bcbc _corignew _d1 _eocip _f19 _gy-gencatlg |
||
| 942 |
_2ddc _cBK |
||
| 999 |
_c60669 _d60669 |
||